Buddhist schools of the small vehicle (Record no. 952791)

MARC details
000 -LEADER
fixed length control field 00914nam a2200277Ia 4500
003 - CONTROL NUMBER IDENTIFIER
control field OSt
005 - DATE AND TIME OF LATEST TRANSACTION
control field 20221005044033.0
008 - FIXED-LENGTH DATA ELEMENTS--GENERAL INFORMATION
fixed length control field 221004b |||||||| |||| 00| 0 eng d
020 ## - INTERNATIONAL STANDARD BOOK NUMBER
International Standard Book Number 9780824835668 (hbk)
037 ## - SOURCE OF ACQUISITION
Terms of availability Textual
040 ## - CATALOGING SOURCE
Original cataloging agency CRL
Transcribing agency CRL
Language of cataloging eng
041 ## - LANGUAGE CODE
Source of code eng
Language code of text/sound track or separate title eng
100 ## - MAIN ENTRY--PERSONAL NAME
Personal name Bareau Andre
9 (RLIN) 73985
245 #0 - TITLE STATEMENT
Title Buddhist schools of the small vehicle
260 ## - PUBLICATION, DISTRIBUTION, ETC.
Place of publication, distribution, etc. Honolulu
Name of publisher, distributor, etc. University of Hawai'i press U.S.A
Date of publication, distribution, etc. 2013
300 ## - PHYSICAL DESCRIPTION
Extent xxviii, 463p.
Dimensions cm.
650 ## - SUBJECT ADDED ENTRY--TOPICAL TERM
Topical term or geographic name entry element RELIGION
700 ## - ADDED ENTRY--PERSONAL NAME
Personal name Boin - Webb Sara Tr.
9 (RLIN) 581905
700 ## - ADDED ENTRY--PERSONAL NAME
Personal name Skilton Andrew Ed.
9 (RLIN) 592145
942 ## - ADDED ENTRY ELEMENTS (KOHA)
Classification part Q41, Q3
Koha item type Textual
Source of classification or shelving scheme
Holdings
Withdrawn status Lost status Damaged status Not for loan Home library Current library Date acquired Source of acquisition Cost, normal purchase price Total Checkouts Full call number Barcode Date last seen Date last checked out Cost, replacement price Price effective from Koha item type
        Central Library Arts Library 2022-10-05 11495, 27/03/2014, Elite Publishers Distributors 3907.80 1 Q41 Q3 CL1567560 2026-03-06 2026-02-28 3907.80 2022-10-05 Textual
Copyright @ Delhi University Library System